Wszystkie płyty Taco Hemingway'a - Statystyki

Ogólne statystyki
  • Ten quiz został rozwiązany 63 razy
  • Średni wynik to 10 z 12
Statystyki odpowiedzi
Hint Odpowiedź % Poprawnych
2016 Marmur
96%
2014, EP Trójkąt Warszawski
96%
2020 Jarmark
94%
2023 1-800-Oświecenie
90%
2018 Cafe Belga
90%
2020 Europa
90%
2017, EP Szprycer
90%
2019 Pocztówka z WWa
88%
2015, EP Umowa o dzieło
76%
2018, EP Flagey
73%
2016, EP WOSK
73%
2013, EP Young Hems
61%
Nie znaleziono quizów pasujących do podanych kryteriów
Rozkład punktacji
Procent ludzi z każdym wynikiem
Percentyl według liczby udzielonych odpowiedzi
Twoja historia wyników
Nie rozwiązałeś tego quizu